Bình luận khoa học một số vấn đề của pháp luật tố tụng dân sự và thực tiễn áp dụng

Cuốn sách: "Bình luận khoa học một số vấn đề của pháp luật tố tụng dân sự và thực tiễn áp dụng" giới thiệu khái quát những nội dung cơ bản của Bộ luật tố tụng dân sự năm 2004, giúp bạn đọc có cái nhìn tổng quan về Bộ luậ...

全面介绍

Đã lưu trong:
书目详细资料
主要作者: Lê, Thu Hà
格式: 图书
语言:Undetermined
出版: Hà Nội Tư pháp 2006
主题:
标签: 添加标签
没有标签, 成为第一个标记此记录!
Thư viện lưu trữ: Trung tâm Học liệu Trường Đại học Cần Thơ
LEADER 01515nam a2200205Ia 4500
001 CTU_120991
008 210402s9999 xx 000 0 und d
020 |c 47000 
082 |a 347.597012 
082 |b H100 
100 |a Lê, Thu Hà 
245 0 |a Bình luận khoa học một số vấn đề của pháp luật tố tụng dân sự và thực tiễn áp dụng 
245 0 |c Lê, Thu Hà 
260 |a Hà Nội 
260 |b Tư pháp 
260 |c 2006 
520 |a Cuốn sách: "Bình luận khoa học một số vấn đề của pháp luật tố tụng dân sự và thực tiễn áp dụng" giới thiệu khái quát những nội dung cơ bản của Bộ luật tố tụng dân sự năm 2004, giúp bạn đọc có cái nhìn tổng quan về Bộ luật này. Trên cơ sở so sánh Pháp lệnh thủ tục giải quyết các vụ án dân sự, bạn đọc thấy được những điểm mới, mức độ tương thích cũng như khác biệt của những quy định trong Bộ luật tố tụng dân sự năm 2004. Bên cạnh đó, tác giả cũng đã có sự phân tích sâu sắc cả về mặt lý luận và những khó khăn, tồn tại trong thực tiễn áp dụng. 
650 |a Civil procedure 
904 |i Hiếu 
980 |a Trung tâm Học liệu Trường Đại học Cần Thơ